|
|
|
|
| LEADER |
00000nab a2200000 a 4500 |
| 001 |
vtls008826681 |
| 003 |
SK-MaSNL |
| 005 |
20260305035455.0 |
| 008 |
250505c2006 xo |||||||||||000 b|slo |
| 015 |
|
|
|a SNBRB2006/06
|2 snkbucl
|
| 035 |
|
|
|a urn:nbn:sk:snk-ab87zm
|
| 035 |
|
|
|a (urnnbn)urn:nbn:sk:snk:ar-006pve
|
| 035 |
|
|
|a (uuid)b64d528a-6055-4eb1-a730-1ec12e32d1b7
|
| 038 |
|
|
|a SNKBUCL
|
| 040 |
|
|
|a SNKBUCL
|b slo
|c SNKBUCL
|e AACR2
|
| 041 |
0 |
|
|a slo
|
| 044 |
|
|
|a xo
|c SK
|
| 080 |
|
|
|a 636.085.52-027.3
|2 1997
|
| 100 |
1 |
|
|a Dukes, Marian
|4 ivr
|4 aut
|9 267535
|
| 245 |
1 |
0 |
|a Odporúčaný trend konzervácie krmovín silážovaním s čo najväčším využívaním aditív ...
|c Marian Dukes, Ján Huba, Petr Doležal
|
| 300 |
|
|
|b Fotogr.
|
| 650 |
0 |
7 |
|a krmoviny
|2 snkbucl
|9 14432
|
| 650 |
0 |
7 |
|a silážovanie
|2 snkbucl
|9 14598
|
| 650 |
0 |
7 |
|a konzervačné prípravky
|2 snkbucl
|9 1310489
|
| 700 |
1 |
|
|a Huba, Ján
|4 ivr
|9 12201
|
| 700 |
1 |
|
|a Doležal, Petr,
|d 1953-
|4 ive
|9 9489
|
| 773 |
0 |
|
|t Slovenský chov
|g Roč. XI, č. 3 (2006), s. 26 a 28
|x 1335-1990
|
| 850 |
|
|
|a Slovenská národná knižnica
|
| 852 |
|
|
|a Slovenská národná knižnica
|
| 954 |
|
|
|a odborná, vedecká literatúra pôvodná (slovenská)
|2 lita
|
| 958 |
|
|
|a article9
|
| 958 |
|
|
|a OND
|
| 958 |
|
|
|a EUIPO
|
| 999 |
|
|
|c 3333985
|d 3335915
|